Statistics for Best African football (soccer) players

Click here to take the quiz!

General Stats

  • This quiz has been taken 264 times
  • The average score is 12 of 21

Answer Stats

Hint Answer % Correct
Liverpool and Ivory CoastToure
94%
Ivory Coast and Manchester CityToure
94%
Egypt and Chelsea FCSalah
85%
Chelsea and CameroonE'to
85%
Ivory Coast and GalatasarayDrogba
80%
Chelsea and GhanaEssien
77%
Togo and SpursAdebayor
74%
Gabon and Borussia DortmundAubameyang
73%
Nigeria and ChelseaMikel
70%
Ivory Coast and AS RomaGervinho
58%
Kenya and SouthamptonWanyama
57%
Chelsea and NigeriaMoses
55%
Ghana and AC milanBoateng
51%
FC Barcelona and cameroonSong
49%
Ghana and Al AinGyan
47%
Juventus and GhanaAsamoah
47%
Ghana and MarseilleAyew
43%
Algeria and ValenciaFeghouli
41%
South Africa and Kaizer ChiefsTshabalala
29%
Nigeria and FenerbahceEmenike
26%
Morocco and AS RomaBenattia
3%

Score Distribution

Percentile by Number Answered

Percent of People with Each Score

Your Score History

You have not taken this quiz